Don't Make me Think, Revisited. A common sense approach to web usability.

Guardat en:
Dades bibliogràfiques
Autor principal: Krug, Steve (Autor)
Format: Desconegut
Idioma:anglès
Publicat: Berkley, USA: New Riders, 2014.
Edició:Third edition.
Matèries:
Etiquetes: Afegir etiqueta
Sense etiquetes, Sigues el primer a etiquetar aquest registre!

MARC

LEADER 00000 a2200000 4500
003 CL-VaPUC
005 20250103131427.0
008 231020t2014 ||||| |||| 00| 0 eng d
999 |c 441860  |d 441858 
020 |a 9780321965516 
040 |c Pontificia Universidad Católica de Valparaíso 
082 7 |a 006.7 KRU 2023  |2 22 
100 |a Krug, Steve   |9 884761  |e author 
245 |a Don't Make me Think, Revisited.  |b A common sense approach to web usability. 
250 |a Third edition.  
260 |a Berkley, USA:  |b New Riders,  |c 2014. 
300 |a xi, 200 páginas :  |b ilustraciones.  
583 |k GC  |c 20231020 
650 0 |a Páginas web  |x Diseño  |9 436463 
650 |a Paginas web   |x Evaluación   |9 885272 
942 |2 ddc  |c BK 
952 |0 0  |1 0  |2 ddc  |4 0  |6 006_700000000000000_KRU_2023  |7 0  |8 A  |9 592076  |a BIBING  |b BIBING  |c GEN  |d 2023-10-20  |e 3  |g 32378.00  |i 5659130  |o 006.7 KRU 2023  |p 5659130  |r 2025-01-20  |t 1  |v 32378.00  |w 2023-10-20  |y BK  |k CCI